Фоторегистрирующие среды на основе галогенидов тяжелых металлов; Журнал научной и прикладной фотографии и кинематографии; Т. 30, вып. 2

Detalles Bibliográficos
Parent link:Журнал научной и прикладной фотографии и кинематографии: научный журнал/ Академия наук СССР (АН СССР).— , 1963-1996.— 0869-6144
Т. 30, вып. 2.— 1985.— С. 144-146
Autor principal: Шустов М. А. Михаил Анатольевич
Otros Autores: Суровой Э. П.
Sumario:В фонде НТБ ТПУ отсутствует
Lenguaje:ruso
Publicado: 1985
Materias:
Formato: Capítulo de libro
KOHA link:https://koha.lib.tpu.ru/cgi-bin/koha/opac-detail.pl?biblionumber=602856

MARC

LEADER 00000naa0a2200000 4500
001 602856
005 20250306133347.0
035 |a (RuTPU)RU\TPU\tpu\29760 
035 |a RU\TPU\prd\197408 
090 |a 602856 
100 |a 20210405d1985 k||y0rusy50 ca 
101 0 |a rus 
102 |a RU 
200 1 |a Фоторегистрирующие среды на основе галогенидов тяжелых металлов  |f М. А. Шустов, Э. П. Суровой 
320 |a Библиогр.: с. 146 (5 назв.) 
333 |a В фонде НТБ ТПУ отсутствует 
461 |x 0869-6144  |t Журнал научной и прикладной фотографии и кинематографии  |o научный журнал  |f Академия наук СССР (АН СССР)  |d 1963-1996 
463 |t Т. 30, вып. 2  |v С. 144-146  |d 1985 
610 1 |a труды учёных ТПУ 
700 1 |a Шустов  |b М. А.  |c специалист в области электротехники  |c профессор Томского политехнического университета, доктор технических наук  |f 1952-  |g Михаил Анатольевич  |3 (RuTPU)RU\TPU\pers\30571 
701 1 |a Суровой  |b Э. П. 
801 1 |a RU  |b 63413507  |c 20130903 
801 2 |a RU  |b 63413507  |c 20220111  |g RCR 
942 |c CR